| 000 | 01143nam a2200217 i 4500 | ||
|---|---|---|---|
| 001 | 151345 | ||
| 003 | ES-MaACL | ||
| 005 | 20230906203955.0 | ||
| 008 | 990722s1761 fr a |||| | fre d | ||
| 040 |
_aLR _bspa _cLR |
||
| 110 | 2 |
_aAcadémie des inscriptions et belles-lettres (Francia) _91230 |
|
| 245 | 1 | 0 |
_aHistoire de l'Académie Royale des Insriptions et Belles-Lettres _b: avec les Mémoires de Littérature tirés des registres de cette Académie, depuis l'année MDCCLV, jusques & compris l'année MDCCLVII : tome vingt-septième. |
| 260 |
_aA Paris : _bde l'Imprimerie Royale, _c1761. |
||
| 300 |
_a[8], 281, [2], 533 p., [2] h. de grab., [7] h. de grab. pleg. ; _c25 cm. |
||
| 505 | 8 | _a"Mémoires de Littérature ..." 533 p., con portadilla y sign. propias | |
| 597 | _aSign. : *4, A-Z4, 2A-2M4, 2N2, A-Z4, 2A-2Z4, 3A-3V4, 3X3. | ||
| 597 | _aPort. con viñeta xil. | ||
| 599 | _aLas h. de grab. son calc., en alguna de ellas "Dessine et gravé par le Lorrain", "De-la-Haye sculp." y "Choffard sculpsit" | ||
| 700 | 1 |
_aLa Haye, Guill. de. _9128516 |
|
| 852 |
_aES-MaACL _jR-1298-1343 _z-- Enc. piel _x Olim: G-13300-45 |
||
| 999 |
_c151345 _d151345 |
||